书目信息 |
| 题名: |
环境科学教育
|
|
| 作者: | 王瑜 , 张星辰 , 李炳焕 主编 | |
| 分册: | ||
| 出版信息: | 北京 中国人民公安大学出版社 2000 |
|
| 页数: | 367 | |
| 开本: | 20cm | |
| 丛书名: | ||
| 单 册: | ||
| 中图分类: | X-4 | |
| 科图分类: | ||
| 主题词: | 劳动保护 , 环境科学 , 安全科学 | |
| 电子资源: | ||
| ISBN: | 7-81059-517-2 | |
| 000 | 00684nam0 2200229 450 | |
| 001 | 0754114953 | |
| 005 | 20070929150154.95 | |
| 010 | @a7-81059-517-2 | |
| 100 | @a20070929d km y0chiy0120 ea | |
| 101 | 0 | @achi |
| 200 | 1 | @a环境科学教育@Ahuan jing ke xue jiao yu@f李炳焕,张星辰,王瑜 主编@Fli bing huan,zhang xing chen,wang yu zhu bian |
| 210 | @a北京@c中国人民公安大学出版社@d2000 | |
| 215 | @a367@c插图@d20cm | |
| 606 | 0 | @a劳动保护 |
| 606 | 0 | @a环境科学 |
| 606 | 0 | @a安全科学 |
| 690 | @aX-4@v3 | |
| 701 | 0 | @a王瑜@Awang yu@4主编 |
| 701 | 0 | @a张星辰@Azhang xing chen@4主编 |
| 701 | 0 | @a李炳焕@Ali bing huan@4主编 |
| 801 | 0 | @aCN@bPFT@c20070929 |
| 905 | @a213230@dX-4@eh4@f1 | |
| 环境科学教育/李炳焕,张星辰,王瑜 主编.-北京:中国人民公安大学出版社,2000 |
| 367:插图;20cm |
| ISBN 7-81059-517-2: |
| ● |
| 相关链接 |
|
|
|
|
正题名:环境科学教育
索取号:X-4/h4
 
预约/预借
| 序号 | 登录号 | 条形码 | 馆藏地/架位号 | 状态 | 备注 |
| 1 | 6000683 | 260006834 | 密集书库-化学系/ [索取号:X-4/h4] | 在馆 |